000 00399nam a2200157Ia 4500
003 GCL
008 140319s9999 xx 000 0 ara d
040 _aGCL /
_cGCL
082 0 4 _a813.03
_bى ر
100 1 _aيوسف ادريس
245 1 0 _aرجال ونيران /
_cيوسف ادريس
490 _aكتاب
_v0
650 0 4 _aالادب العربى
650 0 4 _aالادب
942 _2ddc
_cBK
999 _c41875
_d41875